Italienische Städte auf italienisch - Statistiken

Allgemein
  • Dieses Quiz wurde 567 mal gespielt
  • Das Durchschnittsergebnis liegt bei 9 aus 12
Antwortstatistiken
Auf Deutsch Und auf Italienisch % Korrekt
Rom Roma
99%
Mailand Milano
98%
Neapel Napoli
97%
Venedig Venezia
90%
Turin Torino
83%
Florenz Firenze
78%
Genua Genova
72%
Triest Trieste
72%
Padua Padova
60%
Trient Trento
52%
Syrakus Siracusa
36%
Tarent Taranto
31%
Keine übereinstimmenden Quizze gefunden
Verteilung der Resultate
Anzahl Personen mit jedem Resultat
Perzentil nach korrekt beantworteten Fragen
Ihre Resultats-Entwicklung
Sie haben dieses Quiz noch nicht gespielt